000 02949cam a2200577 i 4500
999 _c358
_d358
001 916408537
003 OCoLC
005 20190807103639.0
008 150805s2016 caua 6 001 0 eng
010 _a 2015028028
020 _a9780385346337
_q(trade pbk. ;
_qalk. paper)
020 _a0385346336
_q(trade pbk. ;
_qalk. paper)
035 _a(OCoLC)916408537
_z(OCoLC)924634916
_z(OCoLC)952098112
_z(OCoLC)956416937
_z(OCoLC)957509120
_z(OCoLC)1005089866
037 _bRandom House Inc, Attn Order Entry 400 Hahn rd, Westminster, MD, USA, 21157
_nSAN 201-3975
040 _aDLC
_beng
_erda
_cDLC
_dOCLCF
_dBTCTA
_dYDXCP
_dBDX
_dON8
_dCPL
_dCNEDM
_dFDA
_dWAU
_dCNCAR
_dEYM
_dUBY
_dPFLCL
_dCGP
_dEHH
_dIGA
_dOCLCO
_dBKL
_dOTZ
_dWYZ
_dBYV
_dOCLCQ
_dOCLCO
_dGRC
_dCHILD
_dT8C
_dOCLCQ
_dQT4
_dXRQ
_dT8H
_dT3V
_dKOTUI
_dB@L
_dWYG
_dFSP
_dMLSOD
_dUKMGB
_dWYU
_dUWO
_dOCLCQ
_dPCX
_dDE#
_dOCLCO
_dP7Y
_dLKC
_dKZS
_dOCLCO
_dNYP
042 _apcc
049 _aNYPP
060 4 _aCO C755 2016
082 0 0 _a741.2 CRI
_223
091 _a741.2
100 1 _aCrilley, Mark,
_eauthor.
245 1 4 _aThe drawing lesson :
_ba graphic novel that teaches you how to draw /
_cMark Crilley.
250 _aFirst edition.
264 1 _aBerkeley :
_bWatson-Guptill Publications,
_c[2016]
264 4 _c℗2016.
300 _a137 pages :
_billustrations ;
_c26 cm.
336 _atext
_btxt
_2rdacontent.
336 _astill image
_bsti
_2rdacontent.
337 _aunmediated
_bn
_2rdamedia.
338 _avolume
_bnc
_2rdacarrier.
505 0 _aThe meeting -- Drawing what you see -- Shading -- Beginning with a loose sketch -- Understanding light and shadow -- Using negative space -- Checking proportions -- Simplifying things -- Creating a composition -- Bringing it all together -- Moving on.
520 _aAn instructional story presented in comic book format, featuring a twelve-year-old boy who learns about drawing and life from an artist he meets in the park.
650 0 _aDrawing
_xTechnique
_vComic books, strips, etc.
650 1 _aDrawing
_xTechnique.
650 7 _aART
_xStudy & Teaching.
_2bisacsh.
650 7 _aART
_xTechniques
_xDrawing.
_2bisacsh.
650 7 _aCOMICS & GRAPHIC NOVELS
_xNonfiction.
_2bisacsh.
650 7 _aDrawing
_xTechnique.
_2fast
_0(OCoLC)fst00897757.
655 7 _aComics (Graphic works).
_2lcgft.
655 7 _aGraphic novels.
_2lcgft.
655 7 _aComic books, strips, etc.
_2fast
_0(OCoLC)fst01423722.
655 7 _aGraphic novels.
_2fast
_0(OCoLC)fst01726630.
856 4 _3Image
_uhttp://www.perma-bound.com/ws/image/cover/000137546/m
856 4 _3More Info
_iInput this URL in a browser to get HTML More Info data.
_qHTML
_uhttp://firstsearch.oclc.org/WebZ/DECRead?standardNoType=1&standardNo=0385346336&sessionid=0&srcdbname=worldcat&key=4f12ff38b1e82af3c85932f30173b4729b55cd762eeabe325f7ab946ede75292&ectype=MOREINFO
901 _aMARS
901 _aandrew
908 0 0 _aNC730
942 _2ddc
_cNFIC
945 _a.b217315501
946 _am